000 01187ngm a2200289 4500
003 dpl
005 20090316172510.0
007 DVD
008 ||||||sp199 xxu|||||c ||| 00| 0 ng d
010 _aDVD-001802
024 _aVENT 0100
_c49.00
035 _aDVD-001802
040 _aDPL
_cDPL
082 _aDVD / OUTS
245 _aOutside The Law /
_cAduk Home Entertainment Presents
_h[videorecording] DVD/
260 _bMoserbaer Entertainment
300 _a1 videodisc VCD;
_bsd., col. ;
_c4 3/4 in.
_fVCD
440 _aMoserbaer Home Entertainment
500 _aMoserbaer India Ltd. has obtained the necessary licence/conssent from the owner of the copyright in the wroks for making this DVD Film.
500 _aWhen It Comes to Justice, She Knows all the Moves
538 _aDolby Digital 5.1 -Englishi Subtitles: English
650 _aMotion Picture
700 _aRothrock, Cynthia
942 _cCF
_2ddc
_hDVD
_mOUTS
999 _c25281
_d25281